Spider-Man. Proti přesile /

Nové příběhy legendárního superhrdiny, ve kterém dojde k představení jeho zrodu, k souboji s šesti největšími protivníky o záchranu tety May, k souboji s mimozemskou bytostí.

Hlavní autor: Fross, Kitty
Další autoři: David, Erica, Parker, Jeff, 1966-, Scherberger, Patrick, Pavlovský, Jiří, 1968-
Jazyk: Čeština
Vydáno: [Praha] : Crew s.r.o., 2022
Vydání: První vydání
Edice: Crew kids
Můj první komiks (Crew)
Témata:
Fyzický popis: 96 nečíslovaných stran : barevné ilustrace ; 25 cm
Language note: Český text
Knihy
Uloženo v:
LEADER 02310nam a2200589 i 4500
001 nkc20223406999
003 CZ PrNK
005 20241115091144.0
007 ta
008 220323s2022 xr a b 6 000 1 cze
015 |a cnb003406999 
020 |a 978-80-7679-139-8  |q (vázáno) :  |c Kč 229,00 
035 |a (OCoLC)1329409684 
040 |a ABG001  |b cze  |e rda 
041 1 |a cze  |h eng 
072 7 |a 741.52  |x Komiksy. Komiksové adaptace  |2 Konspekt  |9 21 
072 7 |a 821-93  |x Literatura pro děti a mládež (beletrie)  |2 Konspekt  |9 26 
080 |a 741.52(0:82-322.9)  |2 MRF 
080 |a 821-93  |2 MRF 
100 1 |a Fross, Kitty  |7 xx0085218  |4 aut 
245 1 0 |a Spider-Man.  |p Proti přesile /  |c Kitty Frossová, Erica Davidová, Jeff Parker scénář ; Patrick Scherberger kresba ; překlad: Jiří Pavlovský 
246 3 0 |a Proti přesile 
250 |a První vydání 
264 1 |a [Praha] :  |b Crew s.r.o.,  |c 2022 
300 |a 96 nečíslovaných stran :  |b barevné ilustrace ;  |c 25 cm 
336 |a text  |b txt  |2 rdacontent 
336 |a statický obraz  |b sti  |2 rdacontent 
337 |a bez média  |b n  |2 rdamedia 
338 |a svazek  |b nc  |2 rdacarrier 
490 1 |a Crew kids 
490 1 |a Můj první komiks 
500 |a Přeloženo z angličtiny 
500 |a Na titulní stránce uveden původní nakladatel: Marvel 
520 2 |a Nové příběhy legendárního superhrdiny, ve kterém dojde k představení jeho zrodu, k souboji s šesti největšími protivníky o záchranu tety May, k souboji s mimozemskou bytostí. 
521 8 |a Pro čtenáře od 7 let 
546 |a Český text 
655 7 |a superhrdinské komiksy  |7 fd1057488  |2 czenas 
655 7 |a publikace pro děti  |7 fd133156  |2 czenas 
655 9 |a superhero comics  |2 eczenas 
655 9 |a children's literature  |2 eczenas 
700 1 |a David, Erica  |7 xx0086816  |4 aut 
700 1 |a Parker, Jeff,  |d 1966-  |7 xx0086455  |4 aut 
700 1 |a Scherberger, Patrick  |7 xx0085225  |4 ill 
700 1 |a Pavlovský, Jiří,  |d 1968-  |7 mzk2003213976  |4 trl 
830 0 |a Crew kids  |0 s 
830 0 |a Můj první komiks (Crew)  |0 s 
910 2 |a BOA001  |b 2-1487.247 
920 |a 4643025  |z ABG001 
990 |a BK 
995 |a 01 
991 |b 202205  |c NOV 
996 6 |b 2610903673  |c 2-1487.247  |l MZK  |r Sklad / do 1 hodiny  |n 1  |p p.v.  |w 001887617  |u 000010  |a 1  |e BOA001  |j MZK50  |s P